LEADER 00893nam a2200265 i 4500 001 991000885239707536 005 20020507175222.0 008 001102s1963 uk ||| | eng 020 $a0521057000 035 $ab10770938-39ule_inst 035 $aLE01303811$9ExL 040 $aDip.to Matematica$beng 082 0 $a510 084 $aAMS 00A99 100 1 $aMaxwell, E. A.$0374654 245 10$aFallacies in mathematics /$cby E. A. Maxwell 260 $aCambridge :$bCambridge University press,$c1963 300 $a95 p. ;$c20 cm. 650 4$aMiscellaneous topics 907 $a.b10770938$b21-09-06$c28-06-02 912 $a991000885239707536 945 $aLE013 00A99 MAX11 (1963)$g1$i2013000122816$lle013$o-$pE0.00$q-$rl$s- $t0$u0$v0$w0$x0$y.i10869360$z28-06-02 996 $aFallacies in mathematics$9922548 997 $aUNISALENTO 998 $ale013$b01-01-00$cm$da $e-$feng$guk $h0$i1 LEADER 02062oam 2200433zu 450 001 9911019611803321 005 20210807004632.0 010 $a1-118-66720-4 035 $a(CKB)3450000000004185 035 $a(SSID)ssj0001034054 035 $a(PQKBManifestationID)11572410 035 $a(PQKBTitleCode)TC0001034054 035 $a(PQKBWorkID)11006604 035 $a(PQKB)10493026 035 $a(NjHacI)993450000000004185 035 $a(PPN)189688947 035 $a(EXLCZ)993450000000004185 100 $a20160829d2013 uy 101 0 $aeng 135 $aur||||||||||| 181 $ctxt 182 $cc 183 $acr 200 00$aTitaniun-Mineral Deposits of the Roseland Anorthosite-Ferrodiorite Terrane, Blue Ridge Province of Central Virginia: Nelson and Amherst Counties, Virginia, July 15-16 1989 210 31$a[Place of publication not identified]$cAmerican Geophysical Union$d2013 215 $a1 online resource (346 pages) 300 $aBibliographic Level Mode of Issuance: Monograph 311 $a0-87590-626-5 330 $aGrenvillian terranes of eastern Canada are characterized by large titanium deposits and the association anorthosite-ferrodiorite-charnockite-granulite. The Roseland district of Nelson and Amherst Counties in central Virginia (figure 1) is the only terrane of the southern Appalachians known to have this association; titanium deposits include rutile in the anorthosite border zone and ilmenite in nelsonite and ferrodiorite. The anorthosite is unusually alkalic with a combined Na20 + K20 content of 8.4% (Table 2), about 1½ times the world average for massif anorthosites (Nockolds, 1954). 606 $aTitanium 615 0$aTitanium. 676 $a669.7322 702 $aHerz$b Norman 702 $aForce$b Eric 801 0$bPQKB 906 $aBOOK 912 $a9911019611803321 996 $aTitaniun-Mineral Deposits of the Roseland Anorthosite-Ferrodiorite Terrane, Blue Ridge Province of Central Virginia: Nelson and Amherst Counties, Virginia, July 15-16 1989$92173544 997 $aUNINA